| 000 | 00695nam a22001817a 4500 | ||
|---|---|---|---|
| 003 | 0 | ||
| 005 | 20250915121948.0 | ||
| 008 | 250915b xxu||||| |||| 00| 0 eng d | ||
| 020 | _a978-1-032-25568-2 | ||
| 050 |
_aTA 347.A78 _b.E64 2024 |
||
| 245 |
_aEngineering mathematics and artificial intelligence : _bfoundations, methods, and applications / _cedited by Herb Kunze, Davide La Torre, Adam Riccoboni, and Manuel Ruiz Galan. |
||
| 260 |
_aBoca Raton, FL : _bCRC Press, _c2024. |
||
| 300 |
_axvi, 513 pages : _billustrations ; _c24 cm. |
||
| 504 | _aIncludes bibliographical references and index. | ||
| 650 | _aEngineering mathematics. | ||
| 650 | _aArtificial intelligence. | ||
| 942 |
_2lcc _cBK |
||
| 999 |
_c367951 _d367951 |
||